Labor legislation of Mexico ... (Record no. 36070)

MARC details
000 -LEADER
fixed length control field 01205cam a22002891 4500
001 - CONTROL NUMBER
control field l 32000139
003 - CONTROL NUMBER IDENTIFIER
control field DLC
005 - DATE AND TIME OF LATEST TRANSACTION
control field 20260227111534.0
008 - FIXED-LENGTH DATA ELEMENTS--GENERAL INFORMATION
fixed length control field 890809s1932 dcu f000 0 eng
010 ## - LIBRARY OF CONGRESS CONTROL NUMBER
LC control number l 32000139
035 ## - SYSTEM CONTROL NUMBER
System control number (OCoLC)20151306
040 ## - CATALOGING SOURCE
Original cataloging agency DLC
Transcribing agency PEL
Modifying agency PEL
-- OCoLC
-- DLC
042 ## - AUTHENTICATION CODE
Authentication code premarc
050 00 - LIBRARY OF CONGRESS CALL NUMBER
Classification number HD8051
Item number .A62 no. 569
110 1# - MAIN ENTRY--CORPORATE NAME
Corporate name or jurisdiction name as entry element Mexico.
240 10 - UNIFORM TITLE
Uniform title Laws, etc.
245 10 - TITLE STATEMENT
Title Labor legislation of Mexico ...
Remainder of title October, 1932.
260 ## - PUBLICATION, DISTRIBUTION, ETC.
Place of publication, distribution, etc. Washington,
Name of publisher, distributor, etc. U.S. Govt. print. off.,
Date of publication, distribution, etc. 1932.
300 ## - PHYSICAL DESCRIPTION
Extent iii, 87 p.
Dimensions 23 cm.
490 0# - SERIES STATEMENT
Series statement Bulletin of the United States Bureau of labor statistics,
Volume/sequential designation no. 569. Foreign labor laws series
500 ## - GENERAL NOTE
General note At head of title: United States Department of labor. W.N. Doak, secretary. Bureau of labor statistics. Charles E. Baldwin, acting commissioner.
500 ## - GENERAL NOTE
General note "This translation of the labor law of Mexico was made under the direction of Ethel Y. Larson of the Bureau of labor statistics."--Acknowledgement.
500 ## - GENERAL NOTE
General note Issued also as House doc. 366, 72d Cong., 1st sess.
650 #0 - SUBJECT ADDED ENTRY--TOPICAL TERM
Topical term or geographic name entry element Labor laws and legislation
Geographic subdivision Mexico.
700 1# - ADDED ENTRY--PERSONAL NAME
Personal name Larson, Ethel Yohe.
710 1# - ADDED ENTRY--CORPORATE NAME
Corporate name or jurisdiction name as entry element United States.
Subordinate unit Bureau of Labor Statistics.

No items available.

Powered by Koha